Great orchestral music: a treasury of program notes

Guardat en:
Dades bibliogràfiques
Autor principal: Seaman, Julian (Autor)
Format: Llibre
Idioma:anglès
Publicat: Nueva York Collier 1962
Matèries:
Etiquetes: Afegir etiqueta
Sense etiquetes, Sigues el primer a etiquetar aquest registre!

MARC

LEADER 00000nam a2200000 a 4500
001 UCN2712
003 CL-VaPUC
008 010531e19620000US |||||||||||||||||eng|d
082 0 4 |a 784.015  |b SEA  |2 21 
100 0 |a Seaman, Julian  |e author  |9 458849 
245 1 0 |a Great orchestral music: a treasury of program notes 
300 |a 414 p 
942 |c BK 
945 |d 20010531 00:00:00  |a crobeson 
260 |a Nueva York  |b Collier  |c 1962 
650 0 |a Música orquestal  |9 306546 
650 7 |a NOTAS DE PROGRAMA  |2 CL-VaPUC  |9 458850 
583 |a last modification  |c 20010531 00:00:00  |k Rodrigo Vera 
999 |c 295767  |d 295765 
952 |0 0  |1 0  |4 0  |6 784_015000000000000_SEA_1962  |7 0  |8 A  |9 349112  |a BIBEDU  |b BIBEDU  |d 2019-11-20  |i 1185683  |o 784.015 SEA 1962  |p 1185683  |r 2023-01-12  |w 2019-11-20  |y BK  |k MUS